Statistiques concernant Qui sont ces personnalités politiques ? - RN

Cliquez ici pour prendre le quiz!

Statistiques générales

  • Ce quiz a été pris 82 fois
  • Le résultat moyen est 6 sur 16

Statistiques - réponses

Réponse% Correct
Jean-Marie Le Pen
100%
Marine Le Pen
100%
Jordan Bardella
97%
Jean-Philippe Tanguy
55%
Gilbert Collard
54%
Sébastien Chenu
51%
Julien Odoul
42%
Louis Aliot
42%
Laure Lavalette
36%
Edwige Diaz
20%
Hélène Laporte
11%
Géraldine Grangier
3%
Mathilde Paris
3%
Michèle Martinez
1%
Katiana Levavasseur
0%
Thierry Frappé
0%

Distribution des résultats

Percentile par nombre de réponses

% des personnes avec chaque résultat

Votre développement - résultats

Vous n’avez pas pris ce quiz